[Event "DSOL 2021"]
[Site "Germany"]
[Date "2021.02.24"]
[Round "4.2"]
[White "Wolf, Stefan"]
[Black "Bobo, Jean"]
[Result "1-0"]
[WhiteElo "1896"]
[BlackElo "1440"]
[Annotator "NA RC"]
[PlyCount "61"]
[EventDate "2021.01.18"]
[EventType "team-tourn"]
[EventCountry "GER"]
[SourceTitle "playchess.com"]
[Source "ChessBase"]
[SourceQuality "1"]

1. c4 e6 2. g3 f5 3. Bg2 Nf6 4. Nc3 c6 5. e3 d5 6. Nge2 Bd6 7. b3 O-O 8. O-O Nbd7 9. cxd5 cxd5 10. Nb5 Be7 11. Qc2 Qb6 12. a4 Ne5 13. Ned4 Nc6 14. a5 Qd8 15. Nxc6 bxc6 16. Nd4 c5 17. Nc6 Qc7 18. Nxe7+ Qxe7 19. Ba3 Ba6 20. Bxc5 Qc7 21. Rfc1 Rfc8 22. Qb2 Qf7 23. b4 Rab8 24. Bd6 Rxc1+ 25. Rxc1 Rc8 26. Rxc8+ Bxc8 27. b5 Qd7 28. Be5 Kf7 29. Bf1 Bb7 30. Qd4 Ba8 31. Bb8 1-0

[Event "DSOL 2021"]
[Site "Germany"]
[Date "2021.02.22"]
[Round "4.2"]
[White "Berkes, Alexander"]
[Black "Bossy, Arnim"]
[Result "0-1"]
[WhiteElo "1872"]
[BlackElo "2170"]
[Annotator "TA"]
[PlyCount "78"]
[EventDate "2021.01.18"]
[EventType "team-tourn"]
[EventCountry "GER"]
[SourceTitle "playchess.com"]
[Source "ChessBase"]
[SourceQuality "1"]

1. e4 g6 2. d4 Bg7 3. Nf3 d6 4. Nc3 a6 5. a4 b6 6. Bc4 e6 7. O-O Ne7 8. e5 d5 9. Bd3 c5 10. dxc5 bxc5 11. Re1 Nd7 12. Bf4 O-O 13. Qd2 Nc6 14. Bh6 Ndxe5 15. Nxe5 Bxe5 16. Bxf8 Qxf8 17. f4 Bg7 18. g4 Rb8 19. Rab1 Qd6 20. f5 Rb4 21. h3 Bd7 22. fxe6 fxe6 23. Kg2 Ne5 24. Be2 Bc6 25. Kg1 d4 26. Rf1 Qd7 27. Bxa6 Nf3+ 28. Rxf3 Bxf3 29. Bb5 Qd6 30. Na2 Qg3+ 31. Kf1 Qxh3+ 32. Kg1 Bh6 33. g5 Qg4+ 34. Kf1 Bxg5 35. Qf2 Qh3+ 36. Ke1 Bh4 37. Nxb4 Bxf2+ 38. Kxf2 Qg2+ 39. Ke1 cxb4 0-1

[Event "DSOL 2021"]
[Site "Germany"]
[Date "2021.02.22"]
[Round "4.2"]
[White "Meyjohann, Patrick"]
[Black "Schleich, Theodor"]
[Result "1/2-1/2"]
[WhiteElo "1868"]
[BlackElo "1941"]
[Annotator "TA"]
[PlyCount "39"]
[EventDate "2021.01.18"]
[EventType "team-tourn"]
[EventCountry "GER"]
[SourceTitle "playchess.com"]
[Source "ChessBase"]
[SourceQuality "1"]

1. e4 c5 2. Nf3 e6 3. b3 d5 4. Bb5+ Nc6 5. exd5 exd5 6. d4 Nf6 7. O-O Be7 8. dxc5 Bxc5 9. Re1+ Be6 10. Bb2 O-O 11. h3 Bxf2+ 12. Kxf2 Qb6+ 13. Nd4 Nxd4 14. Bxd4 Qxb5 15. Nc3 Qc6 16. Qf3 Ne4+ 17. Nxe4 dxe4 18. Qxe4 Qxe4 19. Rxe4 b6 20. Rae1 1/2-1/2

[Event "DSOL 2021"]
[Site "Germany"]
[Date "2021.02.26"]
[Round "4.2"]
[White "Degel, Steven"]
[Black "Krings, Christoph"]
[Result "1-0"]
[WhiteElo "1857"]
[BlackElo "2161"]
[Annotator "TA"]
[PlyCount "117"]
[EventDate "2021.01.18"]
[EventType "team-tourn"]
[EventCountry "GER"]
[SourceTitle "playchess.com"]
[Source "ChessBase"]
[SourceQuality "1"]
[WhiteTeam "SG Arnstadt-Stadtilm"]
[BlackTeam "SV Erkenschwick I"]

1. c4 e5 2. Nc3 Nf6 3. g3 d5 4. cxd5 Nxd5 5. Bg2 Nb6 6. e3 c6 7. Nge2 Be7 8. O-O O-O 9. d4 exd4 10. Nxd4 N8d7 11. Qc2 Nf6 12. b3 Nfd5 13. Bb2 Bg4 14. Nxd5 Nxd5 15. e4 Nf6 16. h3 Bd7 17. Rfd1 Qb6 18. Rac1 Rad8 19. Ne2 Bc8 20. Bd4 c5 21. Be3 Rxd1+ 22. Rxd1 Rd8 23. Rc1 Qc7 24. Bxc5 Bxc5 25. Qxc5 Rd1+ 26. Rxd1 Qxc5 27. Rd8+ Qf8 28. Rxf8+ Kxf8 29. f4 Ke7 30. Nd4 Ne8 31. Kf2 Nc7 32. e5 f6 33. exf6+ Kxf6 34. g4 h6 35. Kg3 a6 36. h4 b6 37. g5+ hxg5 38. hxg5+ Ke7 39. f5 Kd6 40. Kf4 Bd7 41. Bb7 Kc5 42. Ke5 Be8 43. Ne6+ Nxe6 44. fxe6 a5 45. Be4 Kb4 46. Kd6 Ka3 47. Ke7 Bb5 48. Kf7 Kxa2 49. Kxg7 Kxb3 50. g6 a4 51. Kf8 a3 52. g7 a2 53. Bd5+ Bc4 54. Bxc4+ Kxc4 55. g8=Q a1=Q 56. e7+ Kd3 57. Qd5+ Kc2 58. e8=Q Qf6+ 59. Kg8 1-0

[Event "DSOL 2021"]
[Site "Germany"]
[Date "2021.02.24"]
[Round "4.2"]
[White "Thieu, Nguyen Gia Bao"]
[Black "Schulze Bisping, Franz-Adolf"]
[Result "1-0"]
[WhiteElo "1839"]
[BlackElo "1926"]
[Annotator "TA"]
[PlyCount "35"]
[EventDate "2021.01.18"]
[EventType "team-tourn"]
[EventCountry "GER"]
[SourceTitle "playchess.com"]
[Source "ChessBase"]
[SourceQuality "1"]

1. e4 e6 2. d4 d5 3. Nc3 dxe4 4. Nxe4 Bd7 5. Nf3 Bc6 6. Bd3 Nd7 7. O-O Be7 8. Ne5 Nxe5 9. dxe5 Qd4 10. Qg4 Qxe5 11. Bf4 Qxb2 12. Ng3 O-O-O 13. Rab1 Qd4 14. Ne2 Qf6 15. Bb5 Bxb5 16. Rxb5 Nh6 17. Qf3 c6 18. Rxb7 1-0

[Event "DSOL 2021"]
[Site "Germany"]
[Date "2021.02.23"]
[Round "4.2"]
[White "Schoenfelder, Felix"]
[Black "Zimm, Justus"]
[Result "1-0"]
[WhiteElo "1821"]
[BlackElo "2065"]
[Annotator "ChessBase"]
[PlyCount "109"]
[EventDate "2021.01.18"]
[EventType "team-tourn"]
[EventCountry "GER"]
[SourceTitle "playchess.com"]
[Source "ChessBase"]
[SourceQuality "1"]

1. e4 c5 2. Nf3 d6 3. c4 Nc6 4. d4 cxd4 5. Nxd4 Nf6 6. Nc3 Qb6 7. Nb3 g6 8. Be2 Bg7 9. Be3 Qc7 10. Rc1 O-O 11. O-O b6 12. f3 Ne5 13. Nd5 Qb7 14. Qd2 Rd8 15. Rfd1 Be6 16. Nd4 Rac8 17. b3 Nc6 18. Nxc6 Rxc6 19. Bg5 Bxd5 20. cxd5 Rxc1 21. Rxc1 Rc8 22. Bb5 Rxc1+ 23. Qxc1 Kf8 24. g4 a6 25. Qc6 Qxc6 26. dxc6 Ne8 27. Bxa6 Nc7 28. Bc8 Bd4+ 29. Kf1 f6 30. Bd2 e5 31. Ke2 d5 32. Bb4+ Kf7 33. a4 dxe4 34. fxe4 Ke8 35. Bd7+ Kd8 36. Bf8 Na6 37. b4 Nb8 38. Bg7 Nxd7 39. cxd7 Kxd7 40. Bxf6 Bc3 41. b5 Kd6 42. Kd3 Be1 43. Kc4 h5 44. h3 hxg4 45. hxg4 Ke6 46. Bd8 Ba5 47. Bc7 Kf6 48. Kd5 Kg5 49. Bxe5 Kxg4 50. Bc7 g5 51. e5 Kf5 52. e6 Kf6 53. Kd6 g4 54. Kd7 g3 55. Bxg3 1-0

[Event "DSOL 2021"]
[Site "Germany"]
[Date "2021.02.26"]
[Round "4.2"]
[White "Marcziter, Dmitrii"]
[Black "Muschik, Benedikt"]
[Result "0-1"]
[WhiteElo "1776"]
[BlackElo "1620"]
[Annotator "NA RC"]
[PlyCount "64"]
[EventDate "2021.01.18"]
[EventType "team-tourn"]
[EventCountry "GER"]
[SourceTitle "playchess.com"]
[Source "ChessBase"]
[SourceQuality "1"]
[WhiteTeam "SG Porz I"]
[BlackTeam "SK Münster"]

1. d4 g6 2. c4 Bg7 3. Nf3 d6 4. Nc3 Bg4 5. h3 Bxf3 6. gxf3 Nd7 7. f4 c5 8. d5 Bxc3+ 9. bxc3 f5 10. e4 fxe4 11. f5 Qa5 12. fxg6 hxg6 13. Rb1 O-O-O 14. Qb3 Qa6 15. Bf4 Ngf6 16. Rg1 Rdg8 17. a4 Rh5 18. a5 Ne5 19. Bxe5 Rxe5 20. h4 g5 21. hxg5 Rexg5 22. Bh3+ Kc7 23. Rxg5 Rxg5 24. Kd2 Nxd5 25. Qa4 Nf6 26. Rb5 Rh5 27. Be6 Re5 28. Bh3 Rh5 29. Be6 Qc6 30. Qb3 e3+ 31. fxe3 Rh2+ 32. Kc1 Qe4 0-1

[Event "DSOL 2021"]
[Site "Germany"]
[Date "2021.02.24"]
[Round "4.2"]
[White "Fucik, Timo"]
[Black "Koop, Soeren"]
[Result "1/2-1/2"]
[WhiteElo "1770"]
[BlackElo "2110"]
[Annotator "TA"]
[PlyCount "195"]
[EventDate "2021.01.18"]
[EventType "team-tourn"]
[EventCountry "GER"]
[SourceTitle "playchess.com"]
[Source "ChessBase"]
[SourceQuality "1"]

1. d4 d6 2. g3 Nf6 3. Bg2 Nbd7 4. e4 e5 5. Ne2 Be7 6. Nbc3 O-O 7. O-O c6 8. a4 a5 9. h3 Qe8 10. Be3 Bd8 11. Qd2 Bb6 12. Rad1 Qe7 13. f4 Re8 14. g4 exd4 15. Bxd4 Nc5 16. Ng3 Qc7 17. g5 Nfd7 18. Nf5 Ne6 19. Bxb6 Qxb6+ 20. Rf2 Qxb2 21. Nxd6 Rf8 22. f5 Nec5 23. Rb1 Qa3 24. Nc4 Nxe4 25. Nxa3 Nxd2 26. Rxd2 Nc5 27. Nc4 Bxf5 28. Nd6 Bc8 29. Nde4 Nxe4 30. Nxe4 Rb8 31. c4 Bf5 32. Rbd1 Bxe4 33. Bxe4 Rfc8 34. Rd7 Kf8 35. Rf1 f6 36. Bxh7 Rd8 37. Rxd8+ Rxd8 38. gxf6 gxf6 39. Rf4 Rd1+ 40. Kg2 Ra1 41. Bc2 Ra2 42. Rxf6+ Kg7 43. Rf2 b5 44. axb5 cxb5 45. c5 Ra3 46. Be4 Re3 47. Bf3 Rc3 48. c6 a4 49. Rb2 Rc5 50. Be4 Rc4 51. Rc2 a3 52. Rxc4 bxc4 53. Bb1 c3 54. c7 c2 55. Bxc2 a2 56. c8=Q a1=Q 57. Qb7+ Kf8 58. Qb8+ Kg7 59. Qg3+ Kf8 60. Qf3+ Kg7 61. Bd3 Qb2+ 62. Be2 Qe5 63. h4 Qf6 64. Qh3 Qf4 65. Bf3 Kf6 66. h5 Kg7 67. Qd7+ Qf7 68. Qg4+ Kh8 69. Kh3 Qf8 70. Be4 Qf1+ 71. Bg2 Qd3+ 72. Bf3 Qf1+ 73. Kh4 Qe1+ 74. Kg5 Qe7+ 75. Kf4 Qb4+ 76. Be4 Qb8+ 77. Ke3 Qg3+ 78. Bf3 Qxg4 79. Bxg4 Kg7 80. Kf4 Kh6 81. Kf5 Kg7 82. Kg5 Kh7 83. Bf5+ Kg7 84. Bc2 Kg8 85. Kh6 Kh8 86. Bg6 Kg8 87. Bh7+ Kh8 88. Bb1 Kg8 89. Kg6 Kh8 90. h6 Kg8 91. Ba2+ Kh8 92. Bb1 Kg8 93. Kf6 Kh8 94. Ke7 Kg8 95. h7+ Kh8 96. Bg6 Kg7 97. Ke8 Kh8 98. Kf8 1/2-1/2

[Event "DSOL 2021"]
[Site "Germany"]
[Date "2021.02.24"]
[Round "4.2"]
[White "Brockmann, Fabian"]
[Black "Rose, Torsten"]
[Result "0-1"]
[WhiteElo "1691"]
[BlackElo "1895"]
[Annotator "NA RC"]
[PlyCount "60"]
[EventDate "2021.01.18"]
[EventType "team-tourn"]
[EventCountry "GER"]
[SourceTitle "playchess.com"]
[Source "ChessBase"]
[SourceQuality "1"]

1. e4 e6 2. d4 d5 3. Nc3 Nf6 4. Bg5 Be7 5. e5 Nfd7 6. h4 f5 7. Qh5+ g6 8. Qh6 Bxg5 9. Qxg5 Qxg5 10. hxg5 a6 11. b4 Nc6 12. b5 Nxd4 13. O-O-O Nxb5 14. Bxb5 axb5 15. Nxb5 Kd8 16. Nf3 Rxa2 17. Kb1 Ra4 18. Nbd4 Ke7 19. Rh6 Kf7 20. Rdh1 Nf8 21. g3 Bd7 22. Kb2 Rg8 23. R1h4 c5 24. Nb3 Rxh4 25. Rxh4 b6 26. Rh1 Bc6 27. Ra1 Nd7 28. Ra7 Ra8 29. Rc7 Ba4 30. Nfd2 Ke7 0-1

[Event "DSOL 2021"]
[Site "Germany"]
[Date "2021.02.23"]
[Round "4.2"]
[White "Ponto, Michael"]
[Black "Scheytt, Juergen"]
[Result "1/2-1/2"]
[WhiteElo "1646"]
[BlackElo "1671"]
[Annotator "NA"]
[PlyCount "71"]
[EventDate "2021.01.18"]
[EventType "team-tourn"]
[EventCountry "GER"]
[SourceTitle "playchess.com"]
[Source "ChessBase"]
[SourceQuality "1"]

1. e4 e5 2. Nf3 Nc6 3. Bc4 Bc5 4. O-O Nf6 5. c3 O-O 6. d4 exd4 7. cxd4 Bb6 8. e5 Ne8 9. Nc3 h6 10. Bf4 d6 11. d5 Ne7 12. Qd2 Ng6 13. Bg3 Bg4 14. Na4 Bxf3 15. Nxb6 axb6 16. gxf3 Nxe5 17. Bxe5 dxe5 18. Rae1 Nd6 19. Bb3 Re8 20. Qd3 Qg5+ 21. Kh1 Re7 22. Rg1 Qf5 23. Qe3 Rae8 24. Bd1 e4 25. Qxh6 Qh7 26. Qg5 Kf8 27. Bc2 Re5 28. Qg4 f5 29. Qf4 Qh6 30. Qxh6 gxh6 31. fxe4 fxe4 32. Rg6 Nf7 33. Reg1 Rg5 34. Rg4 Rxg6 35. Rxg6 Re5 36. Bb3 1/2-1/2

[Event "DSOL 2021"]
[Site "Germany"]
[Date "2021.02.22"]
[Round "4.2"]
[White "Jaeger, Niklas"]
[Black "Haehnle, Bernd"]
[Result "0-1"]
[WhiteElo "1635"]
[BlackElo "2013"]
[Annotator "TA"]
[PlyCount "66"]
[EventDate "2021.01.18"]
[EventType "team-tourn"]
[EventCountry "GER"]
[SourceTitle "playchess.com"]
[Source "ChessBase"]
[SourceQuality "1"]

1. d4 f5 2. Bg5 h6 3. Bh4 g5 4. Bg3 Nf6 5. e3 e6 6. Nf3 d6 7. Bc4 Qe7 8. Nbd2 b6 9. c3 Bg7 10. Qb3 a6 11. h3 Nc6 12. Bd3 Bb7 13. e4 fxe4 14. Nxe4 Na5 15. Qc2 c5 16. Nxd6+ Kd7 17. Ne5+ Kd8 18. Nxb7+ Qxb7 19. O-O Nd5 20. Bg6 Ke7 21. dxc5 bxc5 22. Nf7 Rhf8 23. Bd6+ Kd7 24. Bxf8 Rxf8 25. Qa4+ Nc6 26. Rad1 Ke7 27. Qe4 Nf6 28. Qd3 Nd5 29. c4 Ncb4 30. Qd2 Nf4 31. Qd6+ Kf6 32. Qe5+ Ke7 33. Qxg7 Qxg2# 0-1

[Event "DSOL 2021"]
[Site "Germany"]
[Date "2021.02.23"]
[Round "4.2"]
[White "Beckmann, Christian"]
[Black "Schneider, Stefan"]
[Result "0-1"]
[WhiteElo "1620"]
[BlackElo "1989"]
[Annotator "ChessBase"]
[PlyCount "90"]
[EventDate "2021.01.18"]
[EventType "team-tourn"]
[EventCountry "GER"]
[SourceTitle "playchess.com"]
[Source "ChessBase"]
[SourceQuality "1"]

1. d4 c5 2. e3 cxd4 3. exd4 d5 4. Bd3 Nc6 5. c3 Nf6 6. f4 Bg4 7. Nf3 e6 8. O-O Bd6 9. Qe1 Bxf3 10. Rxf3 Qc7 11. Be3 Ng4 12. Nd2 O-O-O 13. h3 Nxe3 14. Qxe3 h6 15. Raf1 Kb8 16. Nb3 Rhf8 17. Bb5 Na5 18. Bd3 g6 19. Qc1 Nc4 20. Bxc4 dxc4 21. Nd2 g5 22. fxg5 hxg5 23. Ne4 Bf4 24. Rxf4 gxf4 25. Qxf4 Qxf4 26. Rxf4 f5 27. Ng5 Rde8 28. Nf3 Kc7 29. Ne5 b5 30. Kf2 Kd6 31. Rh4 Kd5 32. Rh7 Ke4 33. Rxa7 Ra8 34. Rxa8 Rxa8 35. a3 Rg8 36. a4 bxa4 37. Nxc4 Rb8 38. Ke2 Kd5 39. Kd3 f4 40. b4 axb3 41. Nb2 Rg8 42. c4+ Kc6 43. Kc3 Rxg2 44. Nd1 f3 45. Kxb3 f2 0-1

[Event "DSOL 2021"]
[Site "Germany"]
[Date "2021.02.26"]
[Round "4.2"]
[White "Hauser, Carlos"]
[Black "Welzel, Philipp"]
[Result "0-1"]
[WhiteElo "1620"]
[BlackElo "2208"]
[Annotator "TA"]
[PlyCount "80"]
[EventDate "2021.01.18"]
[EventType "team-tourn"]
[EventCountry "GER"]
[SourceTitle "playchess.com"]
[Source "ChessBase"]
[SourceQuality "1"]
[WhiteTeam "SV Walldorf I"]
[BlackTeam "SV Dinslaken"]

1. d4 Nf6 2. c4 g6 3. Nc3 Bg7 4. e4 d6 5. Be2 O-O 6. Nf3 e5 7. O-O exd4 8. Nxd4 Re8 9. f3 c6 10. Nc2 Na6 11. Kh1 Nc7 12. Bf4 d5 13. cxd5 cxd5 14. Rc1 Ne6 15. Be3 dxe4 16. Qxd8 Rxd8 17. fxe4 Bd7 18. Nb4 a5 19. Nbd5 Nxd5 20. exd5 Nd4 21. Bd3 Bf5 22. Bxd4 Bxd3 23. Bxg7 Bxf1 24. Bf6 Bd3 25. Bxd8 Rxd8 26. Kg1 Kf8 27. Kf2 Re8 28. Rd1 Bf5 29. Rd2 Bd7 30. Rd3 Re5 31. Re3 Rf5+ 32. Ke2 b5 33. a3 b4 34. axb4 axb4 35. Na2 Bb5+ 36. Ke1 Rf1+ 37. Kd2 Rf2+ 38. Kc1 Rf4 39. g3 Rc4+ 40. Kb1 Rd4 0-1

[Event "DSOL 2021"]
[Site "Germany"]
[Date "2021.02.26"]
[Round "4.2"]
[White "Lundin, Jan"]
[Black "Wehner, Roland"]
[Result "1/2-1/2"]
[WhiteElo "1620"]
[BlackElo "2250"]
[Annotator "TA"]
[PlyCount "142"]
[EventDate "2021.01.18"]
[EventType "team-tourn"]
[EventCountry "GER"]
[SourceTitle "playchess.com"]
[Source "ChessBase"]
[SourceQuality "1"]
[WhiteTeam "SF Berlin I"]
[BlackTeam "SK Ettlingen I"]

1. e4 g6 2. Nc3 Bg7 3. f4 d6 4. Nf3 e6 5. Be2 b6 6. O-O Ne7 7. Qe1 O-O 8. d3 Bb7 9. Rb1 Nd7 10. Bd2 a6 11. Nd1 d5 12. Nf2 c5 13. Bc3 d4 14. Bd2 Qc7 15. c3 Nc6 16. c4 b5 17. Rc1 f5 18. Bd1 b4 19. exf5 exf5 20. Qe6+ Kh8 21. Ng5 Nf6 22. Qe1 Rae8 23. Be2 h6 24. Ngh3 h5 25. Ng5 Re7 26. Qd1 Bh6 27. Bf3 Bxg5 28. fxg5 Ng4 29. Nxg4 hxg4 30. Bxg4 Rff7 31. Bf4 Ne5 32. Bh3 Rh7 33. Re1 Rxh3 34. Qe2 Nf3+ 35. Qxf3 Rxe1+ 36. Rxe1 Rxf3 37. Bxc7 Rxd3 38. Re7 Be4 39. Be5+ Kg8 40. Rg7+ Kf8 41. Rxg6 Rd1+ 42. Kf2 Rd2+ 43. Ke1 Rxg2 44. h4 d3 45. Rd6 d2+ 46. Rxd2 Rxd2 47. Kxd2 Bf3 48. Ke3 Bh5 49. Bd6+ Kf7 50. Bxc5 a5 51. Bb6 a4 52. Bc5 b3 53. axb3 axb3 54. Kd4 Ke6 55. Kc3 Bd1 56. h5 Bxh5 57. Kxb3 f4 58. Kc3 Kf5 59. Bg1 Kxg5 60. Kd4 Kf6 61. Kd5 Bf7+ 62. Kc5 Ke7 63. Kb5 Kd7 64. c5 Kc7 65. Bh2 Be8+ 66. Ka5 Kc6 67. b4 Bf7 68. Bxf4 Bc4 69. Bd6 Bb5 70. Bc7 Bf1 71. Bb6 Bb5 1/2-1/2

[Event "DSOL 2021"]
[Site "Germany"]
[Date "2021.02.26"]
[Round "4.2"]
[White "Parladi, Berk"]
[Black "Teng, David"]
[Result "1-0"]
[WhiteElo "1620"]
[BlackElo "1360"]
[Annotator "NA RC"]
[PlyCount "53"]
[EventDate "2021.01.18"]
[EventType "team-tourn"]
[EventCountry "GER"]
[SourceTitle "playchess.com"]
[Source "ChessBase"]
[SourceQuality "1"]
[WhiteTeam "SG Porz VII"]
[BlackTeam "Düsseldorfer SV II"]

1. d4 d5 2. c4 e6 3. Nc3 Nf6 4. Bg5 Nbd7 5. Nf3 h6 6. Bh4 Be7 7. e3 O-O 8. Bd3 dxc4 9. Bxc4 Nb6 10. Bb3 Nfd5 11. Bxe7 Qxe7 12. Nxd5 Nxd5 13. O-O b6 14. Bxd5 exd5 15. h3 Bf5 16. Rc1 Rac8 17. Rc3 f6 18. Qb3 Rfd8 19. Rfc1 c5 20. dxc5 bxc5 21. Qa3 Qe4 22. Rxc5 Bxh3 23. gxh3 Rxc5 24. Qxc5 Qxf3 25. Qe7 Rf8 26. Rc7 Qd1+ 27. Kg2 1-0

[Event "DSOL 2021"]
[Site "Germany"]
[Date "2021.02.23"]
[Round "4.2"]
[White "Kornitzky, Tino"]
[Black "Zart, Ruediger"]
[Result "1-0"]
[WhiteElo "1593"]
[BlackElo "2116"]
[Annotator "ChessBase"]
[PlyCount "51"]
[EventDate "2021.01.18"]
[EventType "team-tourn"]
[EventCountry "GER"]
[SourceTitle "playchess.com"]
[Source "ChessBase"]
[SourceQuality "1"]

1. d4 d5 2. c4 c6 3. cxd5 cxd5 4. Bf4 Nc6 5. e3 Nf6 6. Nc3 a6 7. Bd3 Bg4 8. Nge2 e6 9. Rc1 Bd6 10. f3 Bh5 11. O-O Bg6 12. Na4 Bxd3 13. Qxd3 Bxf4 14. Nxf4 Nd7 15. Qb3 Rb8 16. Nd3 O-O 17. Rf2 Na5 18. Qb4 Nc4 19. Re2 Qg5 20. b3 b5 21. Nac5 a5 22. Qe1 Ncb6 23. Qxa5 Nf6 24. Na6 Rb7 25. Ndc5 Rc8 26. Rce1 1-0

[Event "DSOL 2021"]
[Site "Germany"]
[Date "2021.02.24"]
[Round "4.2"]
[White "Fehling, Michael"]
[Black "Riedel, Hartmut"]
[Result "1-0"]
[WhiteElo "1537"]
[BlackElo "1966"]
[Annotator "TA"]
[PlyCount "63"]
[EventDate "2021.01.18"]
[EventType "team-tourn"]
[EventCountry "GER"]
[SourceTitle "playchess.com"]
[Source "ChessBase"]
[SourceQuality "1"]

1. e4 c6 2. d4 d5 3. Nc3 dxe4 4. Nxe4 Nd7 5. Nf3 Ngf6 6. Ng3 g6 7. h4 h5 8. Bc4 Bg7 9. O-O O-O 10. Ng5 b6 11. Re1 Nd5 12. c3 N7f6 13. Qe2 Bb7 14. Bd2 Qc7 15. Rad1 Rad8 16. Bb3 e6 17. Bc2 Ne7 18. N3e4 Nxe4 19. Nxe4 Nf5 20. Bg5 f6 21. Bc1 Rde8 22. g3 e5 23. dxe5 Qxe5 24. Rd7 Qb8 25. Bf4 Qa8 26. g4 Nxh4 27. gxh5 g5 28. h6 Bxh6 29. Nxf6+ Rxf6 30. Qxe8+ Rf8 31. Qe6+ Kh8 32. Rh7# 1-0

[Event "DSOL 2021"]
[Site "Germany"]
[Date "2021.02.25"]
[Round "4.2"]
[White "Azimov, Stanislav"]
[Black "Lindhauer, Thorben"]
[Result "1/2-1/2"]
[WhiteElo "1513"]
[BlackElo "1620"]
[Annotator "NA RC"]
[PlyCount "122"]
[EventDate "2021.01.18"]
[EventType "team-tourn"]
[EventCountry "GER"]
[SourceTitle "playchess.com"]
[Source "ChessBase"]
[SourceQuality "1"]

1. e4 c6 2. d4 d5 3. f3 e6 4. Qd3 b6 5. Qe3 Ba6 6. Bxa6 Nxa6 7. c3 g6 8. Ne2 Bg7 9. O-O Ne7 10. Nd2 O-O 11. b3 Rc8 12. Ba3 Re8 13. Rac1 Qd7 14. h4 c5 15. Qd3 Qb7 16. h5 b5 17. dxc5 Nxc5 18. Qe3 Qb6 19. Kh1 a5 20. b4 axb4 21. Bxb4 Na4 22. Qxb6 Nxb6 23. Rb1 Na4 24. Bxe7 Rxe7 25. Rxb5 Nxc3 26. Nxc3 Bxc3 27. Nb1 d4 28. h6 Rec7 29. Rd1 Kf8 30. Kg1 Ke7 31. Kf1 Rc5 32. Rb7+ R8c7 33. Rxc7+ Rxc7 34. Ke2 Ra7 35. a3 Kf6 36. f4 g5 37. g3 Kg6 38. Rh1 Bb2 39. Kd3 Ra4 40. Kc2 Bxa3 41. Kb3 Rb4+ 42. Kxa3 Rb7 43. Nd2 Rb8 44. Nf3 gxf4 45. gxf4 f6 46. Nxd4 e5 47. fxe5 fxe5 48. Nf5 Kg5 49. Rf1 Rb6 50. Ka4 Rb8 51. Ka5 Rb2 52. Rg1+ Kf4 53. Nd6 Rd2 54. Nc4 Rh2 55. Rf1+ Kxe4 56. Rf6 Kd4 57. Nd6 e4 58. Nf5+ Kd3 59. Rf7 Rh5 60. Kb4 e3 61. Nxe3 Rxh6 1/2-1/2

[Event "DSOL 2021"]
[Site "Germany"]
[Date "2021.02.26"]
[Round "4.3"]
[White "Kollars, Dmitrij"]
[Black "Glitz, Martin"]
[Result "1-0"]
[WhiteElo "2598"]
[BlackElo "2056"]
[Annotator "TA"]
[PlyCount "47"]
[EventDate "2021.01.18"]
[EventType "team-tourn"]
[EventCountry "GER"]
[SourceTitle "playchess.com"]
[Source "ChessBase"]
[SourceQuality "1"]
[WhiteTeam "SF Deizisau I"]
[BlackTeam "SK Herzogenaurach I"]

1. e4 c6 2. d4 d5 3. e5 Bf5 4. h4 h5 5. c4 e6 6. Nc3 Ne7 7. Nge2 Nd7 8. Ng3 Bg6 9. Bg5 Qb6 10. Rc1 dxc4 11. Bxc4 Nd5 12. O-O a6 13. Nce4 Bxe4 14. Nxe4 Be7 15. Bxe7 Kxe7 16. Qd2 f6 17. Rfe1 Raf8 18. Nd6 Rhg8 19. Bxd5 cxd5 20. Rc2 fxe5 21. Qg5+ Rf6 22. dxe5 Nxe5 23. Qxe5 Kd7 24. Rec1 1-0

[Event "DSOL 2021"]
[Site "Germany"]
[Date "2021.02.25"]
[Round "4.3"]
[White "Carlstedt, Jonathan"]
[Black "Helmer, Jan"]
[Result "1-0"]
[WhiteElo "2451"]
[BlackElo "2010"]
[Annotator "TA"]
[PlyCount "91"]
[EventDate "2021.01.18"]
[EventType "team-tourn"]
[EventCountry "GER"]
[SourceTitle "playchess.com"]
[Source "ChessBase"]
[SourceQuality "1"]

1. d4 e6 2. Nf3 b6 3. e4 Bb7 4. Bd3 c5 5. c3 d5 6. e5 Nc6 7. O-O Qd7 8. Be3 h6 9. a3 c4 10. Bc2 Nge7 11. Nbd2 O-O-O 12. b3 b5 13. a4 a6 14. axb5 axb5 15. bxc4 dxc4 16. Qb1 Nb8 17. Ne4 Nd5 18. Bd2 Be7 19. Re1 g5 20. Nd6+ Bxd6 21. exd6 f6 22. Rxe6 Qxe6 23. Bf5 Rxd6 24. Bxe6+ Rxe6 25. Qxb5 Nb6 26. Rb1 N8d7 27. Be3 Bd5 28. Qa6+ Kc7 29. Qa7+ Kc6 30. Qa3 Ra8 31. Qb2 Ree8 32. Ne1 Na4 33. Qc1 Reb8 34. Rxb8 Rxb8 35. Qa3 Ra8 36. Nc2 Nab6 37. Nb4+ Kb5 38. Qb2 Na4 39. Qc2 Ndb6 40. h4 Re8 41. Qg6 Rg8 42. Qh7 Rc8 43. Nxd5 Nxd5 44. Qd7+ Rc6 45. Qxd5+ Kb6 46. Qd7 1-0

[Event "DSOL 2021"]
[Site "Germany"]
[Date "2021.02.25"]
[Round "4.3"]
[White "Meister, Jakob"]
[Black "Engel, Robert"]
[Result "1/2-1/2"]
[WhiteElo "2416"]
[BlackElo "2113"]
[Annotator "TA"]
[PlyCount "123"]
[EventDate "2021.01.18"]
[EventType "team-tourn"]
[EventCountry "GER"]
[SourceTitle "playchess.com"]
[Source "ChessBase"]
[SourceQuality "1"]

1. d4 Nf6 2. Bf4 d5 3. e3 c5 4. c3 e6 5. Nd2 Bd6 6. Bg3 O-O 7. Ngf3 Qc7 8. Bd3 Nbd7 9. O-O Bxg3 10. hxg3 e5 11. dxe5 Nxe5 12. Nxe5 Qxe5 13. Re1 Bg4 14. Qc2 Rfe8 15. f3 c4 16. Bxh7+ Nxh7 17. fxg4 Qxg3 18. Nf1 Qxg4 19. Qe2 Qg6 20. Rad1 Re5 21. Rd4 Rae8 22. Qf3 Ng5 23. Qg3 Rf5 24. Red1 Ree5 25. Rf4 Qh5 26. Rxf5 Rxf5 27. Qb8+ Kh7 28. Qh2 Ne4 29. Qxh5+ Rxh5 30. Rd4 Kg6 31. Nd2 Nc5 32. Nf3 Kf6 33. g4 Rh8 34. Rxd5 Rc8 35. Kg2 Nd3 36. Rd7 b6 37. Rxa7 Nxb2 38. g5+ Kg6 39. Kg3 Nd1 40. Rb7 Nxc3 41. Rxb6+ Kh7 42. g6+ fxg6 43. Rb2 Nd5 44. Re2 c3 45. Nd4 Nb4 46. Nc2 Nxa2 47. Kf3 g5 48. e4 Kg6 49. Ke3 Nc1 50. Rg2 Nb3 51. Rg1 Nc5 52. Rb1 Re8 53. Rb4 Rd8 54. Nd4 Ra8 55. Rc4 Na4 56. Ne2 Kh5 57. Nxc3 Nb2 58. Rc7 Kg6 59. Rc6+ Kh5 60. Rc7 Kg6 61. Rc6+ Kh5 62. Rc7 1/2-1/2

[Event "DSOL 2021"]
[Site "Germany"]
[Date "2021.02.23"]
[Round "4.3"]
[White "Braun, Christian"]
[Black "Wenzel, Birger"]
[Result "1/2-1/2"]
[WhiteElo "2409"]
[BlackElo "2034"]
[Annotator "TA"]
[PlyCount "97"]
[EventDate "2021.01.18"]
[EventType "team-tourn"]
[EventCountry "GER"]
[SourceTitle "playchess.com"]
[Source "ChessBase"]
[SourceQuality "1"]

1. d4 Nf6 2. c4 e6 3. Nc3 Bb4 4. f3 Nc6 5. e4 d5 6. cxd5 exd5 7. e5 Ng8 8. f4 Nge7 9. Nf3 O-O 10. Be2 Ba5 11. Be3 f6 12. O-O Bb6 13. Na4 fxe5 14. fxe5 Bf5 15. Nxb6 axb6 16. Nh4 Be6 17. Bd3 Rxf1+ 18. Qxf1 Qd7 19. a3 Re8 20. Qf4 Nd8 21. Rf1 Nf7 22. Qf2 c6 23. Qc2 h6 24. Bh7+ Kh8 25. Ng6+ Nxg6 26. Bxg6 Rf8 27. Qf2 Kg8 28. Bb1 Qe7 29. h4 Rd8 30. Qc2 Qxh4 31. Qh7+ Kf8 32. Qh8+ Ke7 33. Qxg7 Rf8 34. Bg6 b5 35. Bf2 Qg5 36. Be1 Qe3+ 37. Bf2 Qg5 38. Be1 Qe3+ 39. Kh1 Qxd4 40. Qf6+ Kd7 41. Bh4 Ng5 42. Qg7+ Nf7 43. Qxf8 Qxh4+ 44. Kg1 Qd4+ 45. Kh1 Qh4+ 46. Kg1 Qd4+ 47. Rf2 Nxe5 48. Qg7+ Kd6 49. Qf8+ 1/2-1/2